<?xml version="1.0" encoding="UTF-8"?>
<record
    xmlns:xsi="http://www.w3.org/2001/XMLSchema-instance"
    xsi:schemaLocation="http://www.loc.gov/MARC21/slim http://www.loc.gov/standards/marcxml/schema/MARC21slim.xsd"
    xmlns="http://www.loc.gov/MARC21/slim">

  <leader>00366nam a2200133Ia 4500</leader>
  <controlfield tag="008">191201s1990    xx            000 0 und d</controlfield>
  <datafield tag="100" ind1=" " ind2=" ">
    <subfield code="a">SHAH, H S</subfield>
  </datafield>
  <datafield tag="245" ind1=" " ind2="0">
    <subfield code="a">Instrumental Colour Measurements and Computer Aided Colour Matching for Textiles</subfield>
  </datafield>
  <datafield tag="250" ind1=" " ind2=" ">
    <subfield code="a">1st</subfield>
  </datafield>
  <datafield tag="260" ind1=" " ind2=" ">
    <subfield code="a">N.Delhi</subfield>
    <subfield code="b">Mahajan Books </subfield>
    <subfield code="c">1990</subfield>
  </datafield>
  <datafield tag="300" ind1=" " ind2=" ">
    <subfield code="a">370</subfield>
  </datafield>
  <datafield tag="650" ind1=" " ind2=" ">
    <subfield code="a">B.Tech(TE)</subfield>
  </datafield>
  <datafield tag="942" ind1=" " ind2=" ">
    <subfield code="2">ddc</subfield>
    <subfield code="c">BK</subfield>
  </datafield>
  <datafield tag="999" ind1=" " ind2=" ">
    <subfield code="c">2570</subfield>
    <subfield code="d">2570</subfield>
  </datafield>
  <datafield tag="952" ind1=" " ind2=" ">
    <subfield code="0">0</subfield>
    <subfield code="1">0</subfield>
    <subfield code="2">ddc</subfield>
    <subfield code="4">0</subfield>
    <subfield code="7">0</subfield>
    <subfield code="8">BTECHTE</subfield>
    <subfield code="a">PIET</subfield>
    <subfield code="b">PIET</subfield>
    <subfield code="d">2007-01-17</subfield>
    <subfield code="e">Abhishek Publications</subfield>
    <subfield code="g">300.00</subfield>
    <subfield code="k">7985</subfield>
    <subfield code="l">3</subfield>
    <subfield code="p">5392</subfield>
    <subfield code="r">2024-01-05 00:00:00</subfield>
    <subfield code="s">2023-12-21</subfield>
    <subfield code="w">2006-02-10</subfield>
    <subfield code="y">BK</subfield>
  </datafield>
  <datafield tag="952" ind1=" " ind2=" ">
    <subfield code="0">0</subfield>
    <subfield code="1">0</subfield>
    <subfield code="2">ddc</subfield>
    <subfield code="4">0</subfield>
    <subfield code="7">0</subfield>
    <subfield code="8">BTECHTE</subfield>
    <subfield code="a">PIET</subfield>
    <subfield code="b">PIET</subfield>
    <subfield code="d">2007-01-17</subfield>
    <subfield code="e">Abhishek Publications</subfield>
    <subfield code="g">300.00</subfield>
    <subfield code="k">7985</subfield>
    <subfield code="l">4</subfield>
    <subfield code="p">5393</subfield>
    <subfield code="r">2024-10-18 00:00:00</subfield>
    <subfield code="s">2024-09-20</subfield>
    <subfield code="w">2006-02-10</subfield>
    <subfield code="y">BK</subfield>
  </datafield>
  <datafield tag="952" ind1=" " ind2=" ">
    <subfield code="0">0</subfield>
    <subfield code="1">0</subfield>
    <subfield code="2">ddc</subfield>
    <subfield code="4">0</subfield>
    <subfield code="7">0</subfield>
    <subfield code="8">BTECHTE</subfield>
    <subfield code="a">PIET</subfield>
    <subfield code="b">PIET</subfield>
    <subfield code="d">2008-03-31</subfield>
    <subfield code="e">Technical Book</subfield>
    <subfield code="g">300.00</subfield>
    <subfield code="k">TBS/4006</subfield>
    <subfield code="l">1</subfield>
    <subfield code="o">677.02864 GAI</subfield>
    <subfield code="p">8811</subfield>
    <subfield code="r">2024-01-04 00:00:00</subfield>
    <subfield code="s">2023-11-30</subfield>
    <subfield code="w">2008-03-11</subfield>
    <subfield code="y">BK</subfield>
  </datafield>
  <datafield tag="952" ind1=" " ind2=" ">
    <subfield code="0">0</subfield>
    <subfield code="1">0</subfield>
    <subfield code="2">ddc</subfield>
    <subfield code="4">0</subfield>
    <subfield code="7">0</subfield>
    <subfield code="8">BTECHTE</subfield>
    <subfield code="a">PIET</subfield>
    <subfield code="b">PIET</subfield>
    <subfield code="d">2008-03-31</subfield>
    <subfield code="e">Technical Book</subfield>
    <subfield code="g">300.00</subfield>
    <subfield code="k">TBS/4006</subfield>
    <subfield code="l">1</subfield>
    <subfield code="o">677.02864 GAI</subfield>
    <subfield code="p">8812</subfield>
    <subfield code="r">2021-12-29 00:00:00</subfield>
    <subfield code="s">2021-12-16</subfield>
    <subfield code="w">2008-03-11</subfield>
    <subfield code="y">BK</subfield>
  </datafield>
  <datafield tag="952" ind1=" " ind2=" ">
    <subfield code="0">0</subfield>
    <subfield code="1">0</subfield>
    <subfield code="2">ddc</subfield>
    <subfield code="4">0</subfield>
    <subfield code="7">0</subfield>
    <subfield code="8">BTECHTE</subfield>
    <subfield code="a">PIET</subfield>
    <subfield code="b">PIET</subfield>
    <subfield code="d">2008-03-31</subfield>
    <subfield code="e">Technical Book</subfield>
    <subfield code="g">300.00</subfield>
    <subfield code="k">TBS/4006</subfield>
    <subfield code="l">4</subfield>
    <subfield code="o">677.02864 GAI</subfield>
    <subfield code="p">8813</subfield>
    <subfield code="r">2024-05-30 00:00:00</subfield>
    <subfield code="s">2024-05-27</subfield>
    <subfield code="w">2008-03-11</subfield>
    <subfield code="y">BK</subfield>
  </datafield>
  <datafield tag="952" ind1=" " ind2=" ">
    <subfield code="0">0</subfield>
    <subfield code="1">0</subfield>
    <subfield code="2">ddc</subfield>
    <subfield code="4">0</subfield>
    <subfield code="7">0</subfield>
    <subfield code="8">BTECHTE</subfield>
    <subfield code="a">PIET</subfield>
    <subfield code="b">PIET</subfield>
    <subfield code="d">2008-03-31</subfield>
    <subfield code="e">Technical Book</subfield>
    <subfield code="g">300.00</subfield>
    <subfield code="k">TBS/4006</subfield>
    <subfield code="l">1</subfield>
    <subfield code="o">677.02864 GAI</subfield>
    <subfield code="p">8814</subfield>
    <subfield code="r">2019-12-14 00:00:00</subfield>
    <subfield code="s">2019-12-05</subfield>
    <subfield code="w">2008-03-11</subfield>
    <subfield code="y">BK</subfield>
  </datafield>
  <datafield tag="952" ind1=" " ind2=" ">
    <subfield code="0">0</subfield>
    <subfield code="1">0</subfield>
    <subfield code="2">ddc</subfield>
    <subfield code="4">0</subfield>
    <subfield code="7">0</subfield>
    <subfield code="8">BTECHTE</subfield>
    <subfield code="a">PIET</subfield>
    <subfield code="b">PIET</subfield>
    <subfield code="d">2008-03-31</subfield>
    <subfield code="e">Technical Book</subfield>
    <subfield code="g">300.00</subfield>
    <subfield code="k">TBS/4006</subfield>
    <subfield code="l">0</subfield>
    <subfield code="o">677.02864 GAI</subfield>
    <subfield code="p">8815</subfield>
    <subfield code="r">2019-12-04 00:00:00</subfield>
    <subfield code="w">2008-03-11</subfield>
    <subfield code="y">BK</subfield>
  </datafield>
</record>
